000 00305nam a2200133Ia 4500
008 191201s1993 xx 000 0 und d
082 _a658.31
_bDAD
100 _aDAYAL, Ishwar
245 0 _aDesigning HRD Systems
260 _aN.Delhi
_bConcept
_c1993
300 _a120
650 _aMBA
942 _2ddc
_cBK
999 _c3937
_d3937